| 000 | 01140caa a22002417a 4500 | ||
|---|---|---|---|
| 999 |
_c422288 _d422288 |
||
| 001 | 133473 | ||
| 003 | UA-OsUOA | ||
| 005 | 20200129131924.0 | ||
| 007 | ta | ||
| 008 | 20181024b un ||||| |||| 00| 0 ukr d | ||
| 040 |
_aUA-OsUOA _brus _cUA-OsUOA _dUA-OsUOA |
||
| 041 | _arus | ||
| 080 | _a908 | ||
| 090 |
_a908 _bС66 |
||
| 100 | _aКовальский Н. П. | ||
| 245 | _aСостав земельных владений волынского воеводы князя Александра Константиновича Острожского, полученных в результате раздела с его братом Янушем. 23 июля 1603 г. | ||
| 300 | _aС. 71–74 | ||
| 650 | 7 |
_a908 Краєзнавство _2UDC |
|
| 773 | 0 |
_0326881 _9348885 _aКовальский Н.П. _dДнепропетровск ДГУ 1982 _o87869 _tИсточники по социально-экономической истоирии Украины XVI- первой половины XVII века _w(UA-OsUOA) 40744 |
|
| 942 |
_cBKA _2udc |
||
| 955 | _a1 | ||